Tratado de contabilidad comercial moderna

Guardat en:
Dades bibliogràfiques
Autors principals: Seoane, Joaquín Raúl (Autor), Seoane, Jorge (Autor)
Format: Llibre
Idioma:espanyol
Publicat: Buenos Aires Selección Contable 1944
Matèries:
Etiquetes: Afegir etiqueta
Sense etiquetes, Sigues el primer a etiquetar aquest registre!

MARC

LEADER 00000nam a2200000 a 4500
001 UCQ0211
003 CL-VaPUC
008 980627e19440000AG |||||||||||||||||spa|d
082 0 4 |a 657.48  |b SEO  |2 21 
100 0 |a Seoane, Joaquín Raúl  |e author  |9 413289 
700 0 |a Seoane, Jorge  |e author  |9 413290 
245 1 0 |a Tratado de contabilidad comercial moderna 
300 |a 2 v 
942 |c BK 
945 |d 19980627 00:00:00  |a cmena 
260 |a Buenos Aires  |b Selección Contable  |c 1944 
650 0 |a Estados de cuentas  |9 352305 
650 0 |a Operaciones administrativas  |9 335045 
650 0 |a Contabilidad   |9 261430 
650 0 |a Auditoría  |9 307008 
650 7 |a GANANCIAS  |2 CL-VaPUC  |9 307105 
583 |a last modification  |c 19980627 00:00:00  |k Rodrigo Vera 
999 |c 271350  |d 271348 
952 |0 0  |1 0  |4 0  |6 657_480000000000000_SEO_1944  |7 0  |8 A  |9 305987  |a BIBGIM  |b BIBGIM  |d 2019-11-20  |h v.1  |i 1426117  |o 657.48 SEO 1944  |p 1426117  |r 2025-01-15  |w 2019-11-20  |y BK  |k COM 
952 |0 0  |1 0  |4 0  |6 657_480000000000000_SEO_1944  |7 0  |8 A  |9 305988  |a BIBGIM  |b BIBGIM  |d 2019-11-20  |h v.2  |i 1426125  |o 657.48 SEO 1944  |p 1426125  |r 2025-01-15  |w 2019-11-20  |y BK  |k COM